000 00243nam a2200097Ia 4500
001 920723
005 20250826191413.0
008 250824s9999 xx 000 0 und d
245 0 _aÇAKA BEY
_cAHMET HALDUN TERZİOĞLU
260 _bPANAMA YAYINLARI
999 _c920723
_d920723